000 00337nam a2200133Ia 4500
005 20251222143301.0
008 251222s9999||||xx |||||||||||||| ||spa||
020 _a978-612-46446-0-3
082 _a371.35/D88
100 _aDomínguez Granda, Julio
245 0 _aLa Educación a Distancia en el Perú
264 _bUladech
942 _cLIB
999 _c15320
_d15320